<?xml version="1.0" encoding="UTF-8"?>
<record
    xmlns:xsi="http://www.w3.org/2001/XMLSchema-instance"
    xsi:schemaLocation="http://www.loc.gov/MARC21/slim http://www.loc.gov/standards/marcxml/schema/MARC21slim.xsd"
    xmlns="http://www.loc.gov/MARC21/slim">

  <leader>01109nam a22002657a 4500</leader>
  <controlfield tag="005">20090121151350.0</controlfield>
  <controlfield tag="008">090121t        xxu||||| |||| 00| 0 hin d</controlfield>
  <datafield tag="010" ind1=" " ind2=" ">
    <subfield code="a">HIN-93830</subfield>
  </datafield>
  <datafield tag="020" ind1=" " ind2=" ">
    <subfield code="c">275.00</subfield>
    <subfield code="a">9788190571425</subfield>
  </datafield>
  <datafield tag="035" ind1=" " ind2=" ">
    <subfield code="a">HN-66176</subfield>
  </datafield>
  <datafield tag="037" ind1=" " ind2=" ">
    <subfield code="b">DBAD /PUB</subfield>
  </datafield>
  <datafield tag="040" ind1=" " ind2=" ">
    <subfield code="a">DPL</subfield>
    <subfield code="b">HN</subfield>
  </datafield>
  <datafield tag="082" ind1=" " ind2=" ">
    <subfield code="a">920</subfield>
  </datafield>
  <datafield tag="100" ind1=" " ind2=" ">
    <subfield code="9">33818</subfield>
    <subfield code="a">&#x938;&#x93F;&#x902;&#x939;, &#x938;&#x941;&#x927;&#x93E;</subfield>
  </datafield>
  <datafield tag="245" ind1=" " ind2=" ">
    <subfield code="a">&#x92D;&#x93E;&#x930;&#x924;&#x940;&#x92F; &#x938;&#x94D;&#x935;&#x924;&#x902;&#x924;&#x94D;&#x930;&#x924;&#x93E; &#x938;&#x902;&#x917;&#x94D;&#x930;&#x93E;&#x92E; &#x915;&#x947; &#x92E;&#x939;&#x93E;&#x928; &#x915;&#x94D;&#x930;&#x93E;&#x902;&#x924;&#x93F;&#x915;&#x93E;&#x930;&#x940; &#x92F;&#x94B;&#x926;&#x94D;&#x927;&#x93E; /</subfield>
    <subfield code="c">&#x938;&#x941;&#x927;&#x93E; &#x938;&#x93F;&#x902;&#x939;</subfield>
  </datafield>
  <datafield tag="260" ind1=" " ind2=" ">
    <subfield code="a">&#x926;&#x93F;&#x932;&#x94D;&#x932;&#x940;</subfield>
    <subfield code="b">&#x926;&#x947;&#x935; &#x92A;&#x941;&#x938;&#x94D;&#x924;&#x915; &#x92E;&#x902;&#x926;&#x93F;&#x930;</subfield>
    <subfield code="c">2011</subfield>
  </datafield>
  <datafield tag="270" ind1=" " ind2=" ">
    <subfield code="a">&#x90F;&#x932;-5/45, &#x936;&#x93F;&#x935;&#x93E;&#x91C;&#x940; &#x92E;&#x93E;&#x930;&#x94D;&#x917;, &#x915;&#x930;&#x924;&#x93E;&#x930; &#x928;&#x917;&#x930;</subfield>
    <subfield code="b">&#x926;&#x93F;&#x932;&#x94D;&#x932;&#x940;</subfield>
    <subfield code="e">110053</subfield>
  </datafield>
  <datafield tag="300" ind1=" " ind2=" ">
    <subfield code="a">168&#x92A;&#x943;.</subfield>
    <subfield code="c">22&#x938;&#x947;&#x92E;&#x940; (&#x938;&#x91C;&#x93F;&#x932;&#x94D;&#x926;)</subfield>
  </datafield>
  <datafield tag="650" ind1=" " ind2=" ">
    <subfield code="9">697</subfield>
  </datafield>
  <datafield tag="650" ind1=" " ind2=" ">
    <subfield code="9">33922</subfield>
  </datafield>
  <datafield tag="700" ind1=" " ind2=" ">
    <subfield code="9">33853</subfield>
  </datafield>
  <datafield tag="700" ind1=" " ind2=" ">
    <subfield code="9">34065</subfield>
  </datafield>
  <datafield tag="942" ind1=" " ind2=" ">
    <subfield code="2">ddc</subfield>
    <subfield code="c">HN</subfield>
    <subfield code="m">&#x938;&#x93F;&#x902;&#x939;&#x938;&#x941;</subfield>
    <subfield code="h">920</subfield>
  </datafield>
  <datafield tag="999" ind1=" " ind2=" ">
    <subfield code="c">56147</subfield>
    <subfield code="d">56147</subfield>
  </datafield>
  <datafield tag="952" ind1=" " ind2=" ">
    <subfield code="0">0</subfield>
    <subfield code="1">0</subfield>
    <subfield code="2">ddc</subfield>
    <subfield code="4">0</subfield>
    <subfield code="7">1</subfield>
    <subfield code="8">NFIC</subfield>
    <subfield code="a">DBAD</subfield>
    <subfield code="b">DBAD</subfield>
    <subfield code="d">2011-09-01</subfield>
    <subfield code="e">DBAD / PUB</subfield>
    <subfield code="g">275.00</subfield>
    <subfield code="l">0</subfield>
    <subfield code="o">920 &#x938;&#x93F;&#x902;&#x939;&#x938;&#x941;</subfield>
    <subfield code="p">HN-66176</subfield>
    <subfield code="r">2011-09-01 00:00:00</subfield>
    <subfield code="t">1</subfield>
    <subfield code="v">275.00</subfield>
    <subfield code="w">2011-09-01</subfield>
    <subfield code="y">HN</subfield>
  </datafield>
</record>
